А. А. Воробьёв - основатель Томской научно-педагогической школы высоковольтников; Известия вузов. Электромеханика; № 6

書目詳細資料
Parent link:Известия вузов. Электромеханика.— , 1958-
№ 6.— 2009.— С. 4-6
主要作者: Ушаков В. Я. Василий Яковлевич
語言:俄语
出版: 2009
主題:
格式: Book Chapter
KOHA link:https://koha.lib.tpu.ru/cgi-bin/koha/opac-detail.pl?biblionumber=478769

MARC

LEADER 00000naa2a2200000 4500
001 478769
005 20240116091956.0
035 |a (RuTPU)RU\TPU\prd\145622 
035 |a RU\TPU\prd\142166 
090 |a 478769 
100 |a 20120703a2009 k y0rusy50 ca 
101 0 |a rus 
102 |a RU 
200 1 |a А. А. Воробьёв - основатель Томской научно-педагогической школы высоковольтников  |f В. Я. Ушаков 
320 |a Библиогр.: 6 назв. 
461 1 |0 (RuTPU)RU\TPU\prd\195  |t Известия вузов. Электромеханика  |d 1958- 
463 1 |0 (RuTPU)RU\TPU\prd\87381  |t № 6  |v С. 4-6   |d 2009 
600 1 |a Воробьев  |b А. А.  |c российский физик  |f 1909-1981  |g Александр Акимович  |c ректор Томского политехнического института, профессор  |y Томск  |x TPU  |2 stltpush  |3 (RuTPU)RU\TPU\pers\12805 
610 1 |a научные школы 
610 1 |a труды учёных ТПУ 
700 1 |a Ушаков  |b В. Я.  |c специалист в области электроэнергетики  |c профессор Томского политехнического университета, доктор технических наук  |f 1939-  |g Василий Яковлевич  |3 (RuTPU)RU\TPU\pers\10509  |9 2236 
801 1 |a RU  |b 63413507  |c 20120523 
801 2 |a RU  |b 63413507  |c 20180313  |g RCR 
942 |c BK